Softvér ako zamestnanecké dielo ochrana zamestnávateľa voči autorovi diela
Zákon č. 618/2003 Z.z. o autorskom práve ošetruje aj práva k počítačovým programom. Počítačový program ako zamestnanecké dielo. Charakteristika a definícia zamestnaneckého diela. Zamestnanecké dielo ako majetok zamestnávateľa. Práva, ktoré tvoria obsah autorského práva. Možnosti právnej ochrany zam...
Saved in:
| Main Author: | |
|---|---|
| Format: | Book Chapter |
| Language: | Slovak |
| Subjects: | |
| Tags: |
No Tags, Be the first to tag this record!
|
MARC
| LEADER | 00000naa$a2200000$$$4500 | ||
|---|---|---|---|
| 001 | 0054387 | ||
| 005 | 20231109091543.2 | ||
| 041 | 0 | |a slo | |
| 044 | |a SK | ||
| 245 | 1 | 0 | |a Softvér ako zamestnanecké dielo |b ochrana zamestnávateľa voči autorovi diela |c Slavomíra Rusnáková |
| 520 | |a Zákon č. 618/2003 Z.z. o autorskom práve ošetruje aj práva k počítačovým programom. Počítačový program ako zamestnanecké dielo. Charakteristika a definícia zamestnaneckého diela. Zamestnanecké dielo ako majetok zamestnávateľa. Práva, ktoré tvoria obsah autorského práva. Možnosti právnej ochrany zamestnávateľa voči zamestnancovi ako autorovi zamestnaneckého diela. Odmena zamestnanca za vytvorenie diela. | ||
| 610 | 2 | 0 | |a právo autorské |
| 610 | 2 | 0 | |a diela autorské |
| 610 | 2 | 0 | |a diela zamestnanecké |
| 610 | 2 | 0 | |a softvér |
| 610 | 2 | 0 | |a zamestnávatelia |
| 610 | 2 | 0 | |a zamestnanci |
| 610 | 2 | 0 | |a zmluvy o dielo |
| 610 | 2 | 0 | |a zmluvy pracovné |
| 610 | 2 | 0 | |a disciplína pracovná |
| 610 | 2 | 0 | |a výpoveď |
| 610 | 2 | 0 | |a odmeny |
| 610 | 2 | 0 | |a legislatíva |
| 100 | 1 | |a Rusnáková, Slavomíra | |